000 01293cam a2200337 i 4500
001 15120221
003 EG-ScBUE
005 20250113104201.0
008 071221s2001 fludk f b 001 0 eng d
020 _a9780750304054 (pbk.)
020 _a0750304057 (pbk.)
040 _aDLC
_beng
_erda
_cUKM
_dORU
_dWAU
_dBAKER
_dNLGGC
_dYDXCP
_dDLC
_dEG-ScBUE
082 0 4 _222
_bRAI
_a523.1
100 1 _aRaine, Derek J.,
_d1946-
_eauthor.
_938136
245 1 3 _aAn introduction to the science of cosmology /
_cDerek Raine, Department of Physics and Astronomy, University of Leicester, UK, Ted Thomas, Department of Physics and Astronomy, University of Leicester, UK.
264 1 _aBoca Raton ;
_aOxon :
_bTaylor & Francis Group,
_c2001.
300 _axii, 220 pages :
_bcharts, forms ;
_c23 cm.
336 _2rdacontent
_atext
_btxt
337 _2rdamedia
_aunmediated
_bn
338 _2rdacarrier
_avolume
_bnc
490 0 _aSeries in astronomy and astrophysics
504 _aIncludes bibliographical references and index.
590 _ashima
650 7 _aCosmology.
_2BUEsh
_937498
650 7 _aGeneral relativity (Physics)
_2BUEsh
_922955
651 _2BUEsh
653 _bENGGEN
_cJune2015
655 _vReading book
700 1 _aThomas, E. G.
_q(Edwin George),
_d1937-
_eauthor.
942 _2ddc
_cBB
999 _c19515
_d19487